Ideál z plagátu Peter Nagy

Bibliographic Details
Main Authors: Horváthová, Eva (ain), Nagy, Peter, 1959- (Author, uin)
Format: Article
Language:Slovak
PhysicalDescription:Fotogr.
ISSN:0231-6676
Subjects:

MARC

LEADER 00000nab a2200000 a 4500
001 vtls000703034
003 SK-MaSNL
005 20260302181857.0
008 160322c1999 xo 0 slo
015 |a SNBRB1999/10-22771 
035 |a CLN000055201 
040 |a SNKBUCL  |b slo  |c SNKBUCL  |e AACR2 
041 0 |a slo 
044 |a xo  |c SK 
080 |a 78.071.2:784.66  |2 UDC-MRF-SK2 
080 |a 784.66  |2 UDC-MRF-SK2 
080 |a 929 Nagy, Peter  |2 UDC-MRF-SK2 
100 1 |a Horváthová, Eva  |4 ain  |9 510599 
245 1 0 |a Ideál z plagátu  |b Peter Nagy  |c zhovárala sa Eva Horváthová 
300 |b Fotogr. 
600 1 7 |a Nagy, Peter,  |d 1959-  |2 snkbucl  |9 98857 
655 7 |a články z novín a časopisov  |2 snkbucl  |9 267496 
700 1 |a Nagy, Peter,  |d 1959-  |4 aut  |4 uin  |9 98857 
773 0 |x 0231-6676  |t Slovenka  |g Roč. 52, č. 30 (1999), s. 28-29 
850 |a Slovenská národná knižnica v Martine 
852 |a SNK  |b KIS3GCP 
958 |a SK 
958 |a BX 
958 |a RBX 
999 |c 1415952  |d 1417882